Microsoft Access 97
Descripción Física:
256 p., 1 disc de pràctiques ; 30 cm
Colección:
Manuals d' Ofimàtica
Materias:
Informàtica -- Manuals, guies, etc.
MARC
| LEADER | 00000nam a2200000Ia 4500 | ||
|---|---|---|---|
| 001 | 11996 | ||
| 008 | 160829s1998 xx 000 0 cat d | ||
| 080 | |a C-2-97 | ||
| 245 | |a Microsoft Access 97 | ||
| 260 | |a Barcelona : |b Diputació de Barcelona. Servei de Formació Local, |c 1998 | ||
| 300 | |a 256 p., 1 disc de pràctiques ; |c 30 cm | ||
| 490 | |a Manuals d' Ofimàtica | ||
| 590 | |a A la contracoberta: Pla de Formació municipal | ||
| 650 | |a Informàtica |x Manuals, guies, etc. |9 47786 | ||
| 710 | |a Barcelona (Catalunya : Província). |b Servei de Formació Local |9 53659 | ||
| 901 | |a Arxiu | ||
| 942 | |n 1 | ||
| 952 | |0 0 |1 0 |4 0 |6 C297 |7 1 |9 41328 |a Arxiu |b Arxiu |d 2016-12-01 |l 0 |o C-2-97 |p 11996 |r 2016-12-01 00:00:00 |w 2016-12-01 |y ARXIU | ||
| 999 | |c 43136 |d 43136 | ||